Cost-benefit relationships in deciduous and evergreen leaves of tropical dry forest species (Registro nro. 9911)

Detalles MARC
000 -CABECERA
Campo de control 005440000a22001690004500
090 ## - CLASIFICACIÓN LOCAL
Colección AR
Consecutivo 00822
041 0# - IDIOMA
Código de idioma para texto/pista de sonido o título separado
100 1# - ASIENTO PRINCIPAL--NOMBRE PERSONAL
Nombre personal Sobrado, M. A.
245 10 - MENCION DE TITULO
Título Cost-benefit relationships in deciduous and evergreen leaves of tropical dry forest species
650 14 - ASIENTO SECUNDARIO DE MATERIA - TERMINO TEMATICO
Término temático o nombre geográfico como elemento de entrada Bosques secos tropicales
650 14 - ASIENTO SECUNDARIO DE MATERIA - TERMINO TEMATICO
Término temático o nombre geográfico como elemento de entrada Suelos
650 14 - ASIENTO SECUNDARIO DE MATERIA - TERMINO TEMATICO
Término temático o nombre geográfico como elemento de entrada Nutrientes del suelo
650 14 - ASIENTO SECUNDARIO DE MATERIA - TERMINO TEMATICO
Término temático o nombre geográfico como elemento de entrada Vegetación
651 #4 - ASIENTO SECUNDARIO DE MATERIA - NOMBRE GEOGRAFICO
-- Charallave
-- Mérida
-- Venezuela
773 1# - Item fuente:
Título Functional Ecology
Especificación de materiales 310
Descripción física 5
Paginas del Articulo 608-616
Lugar, editorial y fecha de publicación 1991
Información sobre la relación 5
942 ## - ELEMENTOS ADICIONALES (KOHA)
Tipo de ítem Artículo
Existencias
Withdrawn status Lost status Damaged status No para préstamo Colección Ubicación Permanente Ubicación actual Fecha de adquisición Fuente de Valor Datos de publicación Seriada Total Checkouts Número topográfico Inventario / Código de Barras Date last seen Ejemplar Price effective from Forma de adquisición Tipo de material
      No para Préstamo Hemeroteca Bogotá Bogotá 27/02/2015 Instituto de Ciencias Naturales Fuera de circulación   AR 00822 011144 25/03/2015 1 25/03/2015   Artículo